Estigma: la identidad deteriorada

Guardat en:
Dades bibliogràfiques
Autor principal: Goffman, Erving, 1922-1982
Format: Llibre
Idioma:espanyol
Publicat: Buenos Aires Amorrortu 1970
Matèries:
Etiquetes: Afegir etiqueta
Sense etiquetes, Sigues el primer a etiquetar aquest registre!

MARC

LEADER 00000cam a2200000 a 4500
001 UCR3269
003 CL-VaPUC
008 980124e19700000AG |||||||||||||||||spa|d
020 |a 9505180160 
082 0 4 |a 302  |b GOF  |2 21 
100 |a Goffman, Erving,   |d 1922-1982,  |x Sociólogo   |9 469505 
245 1 0 |a Estigma: la identidad deteriorada 
300 |a 173 p 
942 |c BK 
945 |d 19980124 00:00:00  |a crobeson 
260 |a Buenos Aires  |b Amorrortu  |c 1970 
650 0 |a Discriminación   |9 335101 
650 0 |a Alienación social   |9 343768 
650 0 |a Desviación social   |9 337764 
650 7 |a CONFLICTO INTERPERSONAL  |2 CL-VaPUC  |9 324589 
650 0 |a Problemas sociales  |9 258537 
650 0 |a Comportamiento   |9 308406 
650 0 |a Identidad   |9 336178 
650 7 |a DIFERENCIA INDIVIDUAL  |2 CL-VaPUC  |9 334997 
583 |a last modification  |c 20111202 10:42:41  |k Rodrigo Vera 
999 |c 266364  |d 266362 
952 |0 0  |1 0  |4 0  |6 302_000000000000000_GOF_1970  |7 0  |8 R  |9 297894  |a BIBENE  |b BIBENE  |d 2019-11-20  |i 1943766  |o 302 GOF 1970  |p 1943766  |r 2025-01-15  |w 2019-11-20  |y BK_R  |k ICO 
952 |0 0  |1 0  |4 0  |6 302_000000000000000_GOF_1970  |7 0  |8 A  |9 297895  |a BIBEDU  |b BIBEDU  |d 2019-11-20  |i 401782K  |o 302 GOF 1970  |p 401782K  |r 2019-11-20  |w 2019-11-20  |y BK  |k LIT 
952 |0 0  |1 0  |4 0  |6 302_000000000000000_GOF_1970  |7 0  |8 A  |9 297896  |a BIBEDU  |b BIBEDU  |d 2019-11-20  |i 4804996  |o 302 GOF 1970  |p 4804996  |r 2019-11-20  |w 2019-11-20  |y BK  |k EPE